| 000 | 00405nam a22001337a 4500 | ||
|---|---|---|---|
| 020 | _a007283661 | ||
| 082 |
_222 _a808.042 |
||
| 100 | _aKeene Michacl l and adams, Katherine H, | ||
| 245 | _aEasy access :the reference handbook for writer / | ||
| 250 | _a3rd | ||
| 260 |
_aMc graw hill higher education, _bMc graw hill higher education, _cc2002 |
||
| 300 |
_axxi,560 p, ; _bNA _c24cm. |
||
| 942 |
_2ddc _cENG _04 |
||
| 999 |
_c3519 _d3519 |
||